Anerca / (Record no. 19879)

MARC details
000 -LEADER
campo de control de longitud fija 00604nam a2200205 i 4500
001 - NÚMERO DE CONTROL
campo de control 19879
003 - IDENTIFICADOR DE NÚMERO DE CONTROL
campo de control ES-MaACL
005 - FECHA Y HORA DE LA ÚLTIMA TRANSACCIÓN
campo de control 20230906152201.0
007 - CAMPO FIJO DE DESCRIPCIÓN FÍSICA--INFORMACIÓN GENERAL
campo de control de longitud fija t|
008 - DATOS DE LONGITUD FIJA--INFORMACIÓN GENERAL
campo de control de longitud fija 021023s1959 xxca |||| | eng d
080 ## - NÚMERO DE LA CLASIFICACIÓN DECIMAL UNIVERSAL
Número de la Clasificación Decimal Universal 398.8(=947.5)
245 00 - MENCIÓN DEL TÍTULO
Título Anerca /
Mención de responsabilidad, etc. [edited by Edmund Carpenter ; drawings by Enooesweetok.
260 ## - PUBLICACIÓN, DISTRIBUCIÓN, ETC.
Lugar de publicación, distribución, etc. [S.l. :
Nombre del editor, distribuidor, etc. s.n.],
Fecha de publicación, distribución, etc. 1959 (
Lugar de fabricación/manufactura Toronto :
Fabricante J.M. Dent & Sons)
300 ## - DESCRIPCIÓN FÍSICA
Extensión [46] p. :
Otras características físicas il. ;
Dimensiones 21 cm.
650 #4 - PUNTO DE ACCESO ADICIONAL DE MATERIA--TÉRMINO DE MATERIA
Término de materia o nombre geográfico como elemento de entrada Inuit-
Subdivisión general Música.
9 (RLIN) 10736
650 #4 - PUNTO DE ACCESO ADICIONAL DE MATERIA--TÉRMINO DE MATERIA
Término de materia o nombre geográfico como elemento de entrada Inuit.
9 (RLIN) 146693
700 1# - ENTRADA AGREGADA--NOMBRE PERSONAL
Nombre de persona Carpenter, Edmund.
9 (RLIN) 35434
700 1# - ENTRADA AGREGADA--NOMBRE PERSONAL
Nombre de persona Enooesweetok.
9 (RLIN) 47258
852 ## - LOCALIZACIÓN
Ubicación ES-MaACL
Número de control de estantería C-21449
Holdings
Estatus retirado Estado de pérdida Estado de daño No para préstamo Biblioteca de origen Biblioteca actual Ubicación en estantería Fecha de adquisición Fuente de adquisición Total de préstamos Signatura topográfica completa Código de barras Visto por última vez Precio de reemplazo Tipo de ítem Koha
        Biblioteca del Ateneo de Madrid Biblioteca del Ateneo de Madrid Galería 17/01/2008     C-21449 1020359 23/02/2023 23/02/2023 Libro impreso